000 01083cam a22003617a 4500
001 000005489
003 CHAP
005 20230606114004.0
008 971013s1992 r 00010 d
010 _a5435
011 _a6407
035 _a5627
040 _cCHAP
090 _aFolleto 13877
100 1 0 _aValle Florencia, Hebert del
_9117594
245 1 3 _aEl agua en la naturaleza.
260 _aChapingo, Méx. :
_bUACH. Dirección de Difusión Cultural,
_c1992.
300 _a52 p.
490 1 _aApoyos académicos
_v; 16
500 _a57-79
590 _aBATCH-UPD
_b10
_c20130110
_lUCH01
_h0948
590 _aBATCH-UPD
_b10
_c20130410
_lUCH01
_h0603
590 _aCONVERSION
_b10
_c20130109
_lUCH01
_h1304
590 _aE5995AHE
_b05
_c20150211
_lUCH01
_h1234
650 1 4 _aAgua.
_92222
830 0 _aApoyos academicos
_v; 16
901 _aBK
942 _cFOLL
942 _n0
949 _aFolleto 13877
_bBC
_cFOLL
_d-15214
_eTS1
_i5627
_si
949 _aFolleto 13877
_bBC
_cFOLL
_d-75231
_eTS2
_fc.2
_i5627
_si
949 _aFolleto 13877
_bBC
_cFOLL
_d-75232
_eTS2
_fc.3
_i5627
_si
999 _c5435
_d5435